000
00220nam a22000857a 4500
008
170613b xxu||||| |||| 00| 0 eng d
100
_9
3369
_a
Mphan. A
245
_a
Edgeways multi skill english
260
_a
New Delhi
_b
PCB
_c
2010
999
_c
6706
_d
6706